Vista normal
Vista MARC
Entrada Geographic Name
Número de registros utilizados en: 1
001 - CONTROL NUMBER
- control field: 13215
003 - CONTROL NUMBER IDENTIFIER
- control field: OSt
005 - DATE AND TIME OF LATEST TRANSACTION
- control field: 20210209200816.0
008 - FIXED-LENGTH DATA ELEMENTS
- fixed length control field: 210209|| aca||aabn | a|a d
040 ## - CATALOGING SOURCE
- Original cataloging agency: OSt
- Transcribing agency: OSt
151 ## - HEADING--GEOGRAPHIC NAME
- Geographic name: Países no alineados
670 ## - SOURCE DATA FOUND
- Source citation: Work cat.: (OSt): Covo Torres, Javier, autor 13214, Los países no alineados : , 1995